Statistics for Regions Most Mentioned in the Wikipedia Page of Italy

Click here to take the quiz!

General Stats

  • This quiz has been taken 15 times
  • The average score is 7 of 10

Answer Stats

FrequencyContextRegion% Correct
11Was invaded by Allied forces in 1943Sicily
100%
5Has many unique animalsSardinia
93%
10Has famous marble and wineTuscany
93%
7Contains Italy's second largest cityLombardy
87%
8Is the most visited region of ItalyVeneto
80%
6Has French as a co-official languageAosta Valley
60%
6Has a Neanderthal archeological siteApulia
60%
5Contains two autonomous provincesTrentino-Alto Adige
60%
6Is one of the most-visited regionsEmilia-Romagna
47%
6Has four official languagesFriuli-Venezia Giulia
40%

Score Distribution

Percentile by Number Answered

Percent of People with Each Score

Your Score History

You have not taken this quiz